Lightweight clay bricks utilizing expanded polystyrene spheres (EPS) /
محفوظ في:
| المؤلف الرئيسي: | |
|---|---|
| التنسيق: | أطروحة كتاب |
| اللغة: | English |
| منشور في: |
2006.
|
| الموضوعات: | |
| الوسوم: |
إضافة وسم
لا توجد وسوم, كن أول من يضع وسما على هذه التسجيلة!
|
| LEADER | 01024cam a2200265 a 4500 | ||
|---|---|---|---|
| 001 | u736229 | ||
| 003 | SIRSI | ||
| 005 | 200704051223 | ||
| 008 | 070405s2006 my a t 000 0 eng m | ||
| 040 | |a UMM |d UMJ | ||
| 090 | |a TA145 |b UM 2006 Ng | ||
| 097 | |a TA145 |b UM 2006 Ng | ||
| 100 | 1 | |a Ng, Kean Seng. | |
| 245 | 1 | 0 | |a Lightweight clay bricks utilizing expanded polystyrene spheres (EPS) / |c Ng Kean Seng. |
| 260 | |c 2006. | ||
| 300 | |a ix, 117, [102] leaves. : |b ill. ; |c 30 cm. | ||
| 502 | |a Dissertation (M.Eng.Sc.) -- Jabatan Kejuruteraan Awam, Fakulti Kejuruteraan, Universiti Malaya, 2007. | ||
| 504 | |a Bibliography: leaves 111-116. | ||
| 650 | 0 | |a Polystyrene. | |
| 650 | 0 | |a Bricks |x Testing. | |
| 710 | 2 | |a Universiti Malaya. |b Jabatan Kejuruteraan Awam. | |
| 596 | |a 1 7 | ||
| 900 | |a SJMK | ||
| 999 | |a TA145 UM 2006 NG |w LC |c 1 |i A512899948 |d 26/11/2007 |f 26/11/2007 |g 1 |l STACKS |m P01UTAMA |r Y |s Y |t TESIS |u 26/11/2007 | ||
| 999 | |a TA145 UM 2006 NG |w LC |c 1 |i A513003984 |d 18/8/2008 |f 18/8/2008 |g 1 |l STACKS |m P07JURUTER |r Y |s Y |t TESIS |u 15/8/2008 | ||
